000 00348nam a2200157Ia 4500
003 Ost
005 20260225132548.0
008 260225s9999||||xx |||||||||||||| ||und||
040 _cfsic
041 _afre
082 _a440
100 _aBILL Nichols
_eAuteur
245 0 _aMovie and methodes T2+T2 /
245 0 _cBILL Nichols
942 _cكتاب
999 _c33955
_d33955